Internet in security

Bibliographic Details
Main Author: Hahn, Harley
Format: Book
Language:English
Published: New Jersey : Prentice Hall PTR , c2002
Subjects:

MARC

LEADER 00000cam a2200000 7i4500
001 0000011500
005 20230628.0
008 030820 nju eng
020 |a 0130334480 (pbk) 
040 |a INS 
090 0 0 |a TK5105.59   |b .H1241 2002 
100 1 |a Hahn, Harley 
245 1 0 |a Internet in security   |c Harley Hahn 
260 |a New Jersey :   |b Prentice Hall PTR ,   |c c2002 
300 |a xxxiv, 491 p. :   |b ill. ;   |c 21 cm. 
500 |a Includes index 
650 0 |a Internet   |x Computer networks 
650 0 |a Security measures 
999 |a 0000010781   |b BOOK   |c Open Shelf   |e Default branch